000 00667nam a22002177a 4500
005 20240530110958.0
008 221204s2009 au a f b 000 0 eng d
017 _a2008/8/2917
020 _a9789957710453
040 _aEG-CaGPL
_cEG-CaGPL
082 0 4 _221
_a673.722
_bق ا
100 0 _aقحطان خلف الخزرجى
245 1 0 _aالالمنيوم وسبائكه /
_cتاليف قحطان خلف الخزرجى
250 _aط.1
260 _aعمان :
_bدار دجلة،
_c2009
300 _a200 ص. ؛
_c24 سم.
650 0 7 _2qrmak
_aالالومنيوم
651 _2qrmak
942 _2ddc
_cBK
999 _c67136
_d67136